000 00683nam a22002537a 4500
001 0185
003 DO-SdBNP
005 20180223140518.0
007 0185
008 151005b 200 1982 xxu a 00| 0 spa d
020 _a0716601826
040 _aBPMSU
_bspa
_cBPMSU
082 4 _axxxx
_bxxxx
245 0 0 _aChildcraft
_bthe how and why library /
260 _aChicago :
_bWold book-childcraft international,
_c1982.
300 _av. :
_bil., retrs. ;
_c26 cm.
500 _aIncluye índice
500 _aLa biblioteca posee el volumen 1
505 _gv 1 :
_tPoems and rhymes --
910 _a144
942 _2ddc
_cBK
945 _aInventariado, 2018 / BT
956 _aYngrid Lockward
999 _c9300
_d9300